EAFC 26 All male Icons - Statistiken

Allgemein
  • Dieses Quiz wurde 200 mal gespielt
  • Das Durchschnittsergebnis liegt bei 54 aus 110
Antwortstatistiken
OVR Nationality ICON % Korrekt
95 Argentina Diego Maradona
100%
95 Brazil Pele
97%
94 Brazil Ronaldo
95%
94 France Zinedine Zidane
95%
93 Brazil Ronaldinho
92%
93 Netherlands Johan Cruyff
87%
92 Italy Paolo Maldini
87%
92 Hungary Ferenc Puskas
84%
92 Spain Andres Iniesta
79%
92 Russia Lev Yashin
79%
92 Germany Gerd Muller
78%
89 Germany Philipp Lahm
76%
92 Germany Franz Beckenbauer
75%
91 Germany Oliver Kahn
71%
90 Netherlands Ruud Gullit
71%
90 Brazil Roberto Carlos
70%
91 Spain Xavi
69%
90 Germany Lothar Matthaus
66%
91 Sweden Zlatan Ibrahimovic
65%
89 Ivory Coast Didier Drogba
64%
88 Germany Bastian Schweinsteiger
63%
92 Brazil Garrincha
63%
91 France Thierry Henry
62%
91 Netherlands Marco Van Basten
60%
91 Brazil Carlos Alberto
59%
88 Germany Miroslav Klose
59%
91 Portugal Eusebio
58%
90 Spain Iker Casillas
58%
89 Cameroon Samuel Eto'o
57%
91 Brazil Cafu
56%
86 Ghana Michael Essien
56%
90 Germany Toni Kroos
56%
88 Wales Gareth Bale
55%
91 Italy Gianluigi Buffon
55%
88 Ukraine Andriy Shevchenko
54%
90 Nothern Ireland George Best
54%
89 Brazil Kaka
54%
88 Czechia Pavel Nedved
54%
90 Brazil Rivaldo
54%
88 Romania Gheorge Hagi
53%
88 Czechia Petr Cech
53%
92 England Sir Bobby Charlton
53%
90 Italy Andrea Pirlo
52%
89 Portugal Luis Figo
52%
89 Italy Fabio Cannavaro
51%
89 Spain Carles Puyol
50%
86 Sweden Henrik Larsson
50%
89 Bulgaria Hristo Stoichkov
50%
89 Denmark Peter Schmeichel
50%
87 Croatia Davor Suker
49%
87 Serbia Nemanja Vidic
49%
87 Spain Fernando Torres
48%
91 Italy Franco Baresi
48%
86 Ireland Roy Keane
48%
88 England Steven Gerrard
48%
87 Wales Ian Rush
47%
86 Mexico Luis Hernandez
46%
87 England Frank Lampard
45%
88 England Wayne Rooney
45%
92 Brazil Zico
45%
90 England Bobby Moore
44%
89 Spain Emilio Butragueno
43%
88 Denmark Michael Laudrup
43%
88 England Rio Ferdinand
42%
89 Italy Francesco Totti
41%
89 Mexico Hugo Sanchez
41%
91 Italy Roberto Baggio
41%
88 Netherlands Ronald Koeman
41%
86 Argentina Juan Sebastian Veron
40%
89 Brazil Socrates
40%
88 Netherlands Edwin van der Sar
39%
89 Scottland Sir Kenny Dalglish
39%
87 Spain Xabi Alonso
39%
90 Italy Alessandro Del Piero
38%
87 France Emmanuel Petit
38%
86 Germany Gennaro Gattuso
38%
89 Argentina Javier Zanetti
38%
88 England Paul Scholes
38%
90 Spain Raul
38%
89 Italy Alessandro Nesta
37%
88 France Franck Ribery
37%
89 Brazil Jairzinho
37%
89 England Alan Shearer
36%
88 England David Beckham
35%
89 Netherlands Ruud van Nistelrooy
35%
88 France Marcel Desailly
33%
89 Brazil Marcelo
33%
87 Netherlands Patrick Kluivert
33%
88 Netherlands Robin van Persie
33%
90 Netherlands Dennis Bergkamp
32%
89 England Gary Lineker
32%
88 France Patrick Vieira
32%
86 England Ashley Cole
31%
88 Spain Fernando Hierro
31%
88 England Michael Owen
31%
86 Italy Gianluca Zambrotta
30%
88 France Laurent Blanc
30%
87 France Claude Makelele
29%
87 Netherlands Frank Rijkaard
29%
88 Argentina Juan Roman Riquelme
29%
87 France Robert Pires
28%
88 France Lillian Thuram
26%
87 Italy Gianfranco Zola
24%
88 Italy Giorgio Chiellini
23%
86 Argentina Hernan Crespo
22%
86 South Korea Cha Bum Kun
21%
89 France Eric Cantona
21%
87 England Harvey Barnes
21%
86 England Sol Campbell
21%
87 England Ian Wright
18%
Keine übereinstimmenden Quizze gefunden
Verteilung der Resultate
Anzahl Personen mit jedem Resultat
Perzentil nach korrekt beantworteten Fragen
Ihre Resultats-Entwicklung
Sie haben dieses Quiz noch nicht gespielt